000
00325nam a2200133Ia 4500
008
240624s9999 xx 000 0 und d
041
_a
eng
082
_a
658 ETZ
100
_a
ETZIONI AMITAI
245
_a
MODERN ORGANIZATIONS
260
_c
2003
_a
New Delhi
_b
Prentice-Hall
300
_a
vii, : 120 : p. : cm. ; 24
365
_c
RS
999
_c
377
_d
377